000 00355nam a2200157 i 4500
001 bg
100 1 _aEAGLESON, Peter S.
245 0 _aHydrologia dynamiczna /
_cPeter S. Eagleson.
260 _aWarszawa,
_c1978.
650 9 _aHydrologia
040 _cBPK
041 _apol
080 _a556
942 _cKS
008 s pl f |000 0 pol
999 _c9388
_d9388
856 _uhttp://koha.tu.koszalin.pl/cgi-bin/koha/opac-detail.pl?biblionumber=9388
_yKatalog online BPK